000
00257nam a22000977a 4500
082
_a
823
245
_a
DAIRY OF WIMPY KID-THE UGLY TRUTH
246
_a
DAIRY OF WIMPY KID-THE UGLY TRUTH
_b
DAIRY OF WIMPY KID-THE UGLY TRUTH
650
_a
ENGLISH STORY
942
_c
BK
999
_c
8824
_d
8824